| 000 | 00941nam a22002777a 4500 | ||
|---|---|---|---|
| 001 | 7752 | ||
| 003 | FISKH | ||
| 005 | 20250805082907.0 | ||
| 008 | 250805b cb ||||| |||| 00| 0 eng d | ||
| 020 | _a033500989155 | ||
| 040 |
_aFISKH _beng _cFISKH _dFISKH |
||
| 050 | _aPZ7.B73884 P | ||
| 082 | _a303 | ||
| 100 | _aBraybrooks, Ann | ||
| 245 |
_aThe great riddle contest / _cWritten by Ann Braybrooks ; Illustrated by DRi Artworks |
||
| 260 |
_aNew York : _bA Golden Book, _c2000. |
||
| 300 |
_a24 unnumbered pages : _bcolor illustrations ; _c21 cm |
||
| 505 | _aK | ||
| 520 | _aOn a rainy day in the Hundred Acre Woods, Owl suggests having a contest to see who can think of a riddle that no one can answer. | ||
| 521 | 8 |
_a510
_bLexile estimate |
|
| 521 | 8 |
_aK
_bRaz-Plus |
|
| 650 |
_aCritical Thinking _vLittle Golden Book _xFriends |
||
| 700 |
_aArtworks, DRi _eillustrator |
||
| 942 |
_2ddc _cBK _n0 |
||
| 999 |
_c7752 _d7752 |
||